European Golf Major Winners - Post War - Statistics

General Stats
  • This quiz has been taken 127 times
  • The average score is 34 of 40
Answer Stats
Hint Championship Nationality Answer % Correct
2011 US Open Northern Ireland Rory McIlroy
97%
2012 US PGA Northern Ireland Rory McIlroy
97%
2014 The Open Northern Ireland Rory McIlroy
97%
2014 US PGA Northern Ireland Rory McIlroy
97%
1987 The Open England Nick Faldo
94%
1989 US Masters England Nick Faldo
94%
1990 US Masters England Nick Faldo
94%
1990 The Open England Nick Faldo
94%
1992 The Open England Nick Faldo
94%
1996 US Masters England Nick Faldo
94%
2017 US Masters Spain Sergio Garcia
94%
1979 The Open Spain Severiano Ballesteros
94%
1980 US Masters Spain Severiano Ballesteros
94%
1983 US Masters Spain Severiano Ballesteros
94%
1984 The Open Spain Severiano Ballesteros
94%
1988 The Open Spain Severiano Ballesteros
94%
2013 US Open England Justin Rose
93%
1985 US Masters Germany Bernhard Langer
91%
1993 US Masters Germany Bernhard Langer
91%
2018 The Open Italy Francesco Molinari
91%
2007 The Open Ireland Padraig Harrington
91%
2008 The Open Ireland Padraig Harrington
91%
2008 US PGA Ireland Padraig Harrington
91%
2011 The Open Northern Ireland Darren Clarke
88%
2016 The Open Sweden Henrik Stenson
88%
1994 US Masters Spain Jose Maria Olazabal
87%
1999 US Masters Spain Jose Maria Olazabal
87%
2010 US PGA Germany Martin Kaymer
86%
2014 US Open Germany Martin Kaymer
86%
2016 US Masters England Danny Willett
84%
2010 US Open Northern Ireland Graeme McDowell
84%
1991 US Masters Wales Ian Woosnam
83%
1985 The Open Scotland Sandy Lyle
79%
1988 US Masters Scotland Sandy Lyle
79%
1999 The Open Scotland Paul Lawrie
77%
1969 The Open England Tony Jacklin
73%
1970 US Open England Tony Jacklin
73%
1947 The Open Northern Ireland Fred Daly
30%
1951 The Open England Max Faulkner
30%
1948 The Open England Henry Cotton
29%
No matching quizzes found
Score Distribution
Percent of People with Each Score
Percentile by Number Answered
Your Score History
You have not taken this quiz